Normal view
MARC view
- Dong, Shoulong.
Entry Personal Name
001 - CONTROL NUMBER
- control field: 54239
003 - CONTROL NUMBER IDENTIFIER
- control field: OSt
005 - DATE AND TIME OF LATEST TRANSACTION
- control field: 20240308150834.0
008 - FIXED-LENGTH DATA ELEMENTS
- fixed length control field: 240308|| aca||aabn | a|a d
040 ## - CATALOGING SOURCE
- Original cataloging agency: OSt
- Transcribing agency: OSt
100 ## - HEADING--PERSONAL NAME
- Personal name: Dong, Shoulong.
- Relator term: author.
670 ## - SOURCE DATA FOUND
- Source citation: Work cat.: (OSt): Zhou, Xiaoyu. author. 54237, High voltage pulse generator based on a novel magnetic isolated drive circuit /, July 2022.
